| 000 | 00835 a2200289 4500 | ||
|---|---|---|---|
| 240 | _aPhysiologie et psychologie en milieu aride : actes du colloque de Lucknow | ||
| 260 | _aBruxelles | ||
| 111 | _d07-13/12/1962 | ||
| 630 | _a57 - Biologie | ||
| 111 | _cLucknow | ||
| 037 | _b1, Achat | ||
| 650 | _a5 - SCIENCES EXACTES ET NATURELLES | ||
| 260 | _bUnesco | ||
| 245 | _aEnvironmental physiology and psychology in arid conditions : proceedings of the Lucknow Symposium | ||
| 300 | _a400 p. | ||
| 650 | _aZone aride | ||
| 260 | _c1964 | ||
| 300 | _b28cm | ||
| 100 | _lEn | ||
| 440 | _aArid zone research | ||
| 110 | _aCentral Drug Research Institute | ||
| 710 | _aUnesco | ||
| 037 | _aS 4401 | ||
| 111 | _aSymposium on physiology and psychology in arid and semi-arid conditions | ||
| 999 |
_c41783 _d41783 |
||